[Event "Euro Online Blitz TOP16"]
[Site "Tornelo INT"]
[Date "2020.12.19"]
[Round "1.1"]
[White "Wojtaszek, Radoslaw"]
[Black "Meier, Georg"]
[Result "1/2-1/2"]
[WhiteTitle "GM"]
[BlackTitle "GM"]
[WhiteElo "2705"]
[BlackElo "2628"]
[WhiteFideId "1118358"]
[BlackFideId "4675789"]
[EventDate "2020.12.19"]

1. c4 c5 2. Nf3 Nf6 3. d4 cxd4 4. Nxd4 b6 5. Nc3 Bb7 6. f3 d6 7. e4 a6 8. Be3 e6
9. Be2 Be7 10. O-O O-O 11. Qd2 Nbd7 12. a4 Rb8 13. Rfd1 Qc7 14. Rac1 Rfc8 15.
Bf1 h6 16. Kh1 Qd8 17. b3 Qc7 18. Qf2 Qd8 19. Rd2 Qf8 20. Rdc2 Ne5 21. Rd1 Ned7
22. Ra1 Qd8 23. Qd2 Ne5 24. Bg1 Ned7 25. Qe3 Ne5 26. Rca2 Nc6 27. Nxc6 Bxc6 28.
Rd2 Nd7 29. Rad1 Qc7 30. Qd3 Bb7 31. Bf2 Bg5 32. Ra2 Be7 33. Bg3 Ne5 34. Qb1 Rd8
35. Rad2 Rbc8 36. Qc2 Bf6 37. Bf4 Be7 38. Be3 Nd7 39. Qb1 Ne5 40. Qa2 Bf8 41.
Ne2 Be7 42. Nd4 Bf8 43. Qb2 Be7 44. Be2 Bf6 45. Qb1 Be7 46. Bf1 Bf6 47. Be2 Be7
48. Bf1 Bf6 49. Be2 1/2-1/2

[Event "Euro Online Blitz TOP16"]
[Site "Tornelo INT"]
[Date "2020.12.19"]
[Round "1.2"]
[White "Meier, Georg"]
[Black "Wojtaszek, Radoslaw"]
[Result "1/2-1/2"]
[WhiteTitle "GM"]
[BlackTitle "GM"]
[WhiteElo "2628"]
[BlackElo "2705"]
[WhiteFideId "4675789"]
[BlackFideId "1118358"]
[EventDate "2020.12.19"]

1. Nf3 d5 2. g3 Nd7 3. d4 Nb6 4. a4 a5 5. b3 Bf5 6. Ba3 c6 7. Nbd2 h6 8. c4 Nf6
9. Bg2 Nbd7 10. cxd5 cxd5 11. O-O e6 12. Bxf8 Nxf8 13. Qc1 N8d7 14. Qb2 O-O 15.
Rfc1 Qb6 16. e3 Rfc8 17. Bf1 Qb4 18. Bb5 Nb6 19. Ne5 Ne4 20. Nxe4 Bxe4 21. Bd3
f6 22. Bxe4 dxe4 23. Ng6 Nd5 24. Nf4 Nxf4 25. gxf4 g5 26. fxg5 hxg5 27. Rc2 Kf7
28. Rac1 Rxc2 29. Qxc2 f5 30. Qc7+ Kg6 31. Qe5 Qxb3 32. Rc7 Qd1+ 33. Kg2 Qg4+
34. Kf1 Qd1+ 35. Kg2 Qf3+ 36. Kg1 Qd1+ 37. Kg2 1/2-1/2

[Event "Euro Online Blitz TOP16"]
[Site "Tornelo INT"]
[Date "2020.12.19"]
[Round "1.3"]
[White "Wojtaszek, Radoslaw"]
[Black "Meier, Georg"]
[Result "1/2-1/2"]
[WhiteTitle "GM"]
[BlackTitle "GM"]
[WhiteElo "2705"]
[BlackElo "2628"]
[WhiteFideId "1118358"]
[BlackFideId "4675789"]
[EventDate "2020.12.19"]

1. d4 Nf6 2. c4 e6 3. Nc3 Bb4 4. Nf3 Bxc3+ 5. bxc3 d6 6. g4 b6 7. g5 Nfd7 8. h4
Nc6 9. h5 Na5 10. Bg2 Bb7 11. g6 hxg6 12. hxg6 Rxh1+ 13. Bxh1 f6 14. c5 dxc5 15.
Bf4 Nf8 16. Qd3 Qd7 17. Bg2 O-O-O 18. Bh3 Kb8 19. Bg3 Bxf3 20. Qxf3 cxd4 21.
cxd4 Qxd4 22. Rb1 Qd5 23. Qc3 e5 24. f3 Nc6 25. Bf2 Nd4 26. Rc1 c5 27. Bg2 Nfe6
28. e3 Nxf3+ 29. Ke2 e4 30. Bg3+ Kb7 31. Qc2 Qd2+ 32. Qxd2 Rxd2+ 33. Kf1 Rxa2
34. Rd1 f5 35. Rd6 Ka6 36. Rxe6 Ra1+ 37. Kf2 Ra2+ 38. Kf1 Ra1+ 39. Kf2 Ra2+ 40.
Kf1 1/2-1/2

[Event "Euro Online Blitz TOP16"]
[Site "Tornelo INT"]
[Date "2020.12.19"]
[Round "1.4"]
[White "Meier, Georg"]
[Black "Wojtaszek, Radoslaw"]
[Result "1/2-1/2"]
[WhiteTitle "GM"]
[BlackTitle "GM"]
[WhiteElo "2628"]
[BlackElo "2705"]
[WhiteFideId "4675789"]
[BlackFideId "1118358"]
[EventDate "2020.12.19"]

1. Nf3 d5 2. g3 Nd7 3. d4 Nb6 4. a4 a5 5. b3 Bf5 6. Ba3 c6 7. Nbd2 h6 8. Bg2 Nf6
9. O-O Nbd7 10. Re1 e6 11. Bxf8 Nxf8 12. Ne5 N8d7 13. e4 dxe4 14. Nxe4 Nxe4 15.
Bxe4 Bxe4 16. Rxe4 Nf6 17. Re3 O-O 18. Rd3 Qc7 19. Qf3 Rad8 20. Rad1 Nd5 21.
R3d2 Ne7 22. Nc4 Nf5 23. c3 Rd5 24. Ne3 Nxe3 25. fxe3 Rfd8 26. Kg2 Qe7 27. e4
R5d7 28. Qe3 Qa3 29. c4 Qb4 30. d5 exd5 31. cxd5 cxd5 32. Rxd5 Qe7 33. Qd4 Rxd5
34. exd5 Qe2+ 35. Kg1 Rd6 36. Qd3 1/2-1/2

[Event "Euro Online Blitz TOP16"]
[Site "Tornelo INT"]
[Date "2020.12.19"]
[Round "1.5"]
[White "Meier, Georg"]
[Black "Wojtaszek, Radoslaw"]
[Result "1-0"]
[WhiteTitle "GM"]
[BlackTitle "GM"]
[WhiteElo "2628"]
[BlackElo "2705"]
[WhiteFideId "4675789"]
[BlackFideId "1118358"]
[EventDate "2020.12.19"]

1. Nf3 d5 2. e3 c5 3. Bb5+ Bd7 4. Bxd7+ Qxd7 5. O-O Nc6 6. d3 e6 7. Nc3 Bd6 8.
e4 Nge7 9. Bd2 O-O 10. Qe2 Ng6 11. Rae1 Nd4 12. Qd1 Nxf3+ 13. Qxf3 dxe4 14. Nxe4
Be7 15. Bc3 b5 16. b3 a5 17. Qh5 Qc6 18. Re3 Qd5 19. Qd1 a4 20. Rfe1 axb3 21.
axb3 c4 22. dxc4 Qxd1 23. Rxd1 bxc4 24. b4 Ra2 25. g3 Rxc2 26. Rb1 Rb8 27. b5 f5
28. Nd2 Bc5 29. Rf3 Ne7 30. Nxc4 Nd5 31. Be5 Rc8 32. b6 Bxb6 33. Nxb6 Rc1+ 34.
Kg2 Rxb1 35. Nxc8 g5 36. Ra3 Rc1 37. Nd6 1-0

[Event "Euro Online Blitz TOP16"]
[Site "Tornelo INT"]
[Date "2020.12.19"]
[Round "1.1"]
[White "Shirov, Alexei"]
[Black "Demidov, Mikhail"]
[Result "1/2-1/2"]
[WhiteTitle "GM"]
[BlackTitle "GM"]
[WhiteElo "2662"]
[BlackElo "2523"]
[WhiteFideId "2209390"]
[BlackFideId "4197143"]
[EventDate "2020.12.19"]

1. e4 e6 2. d4 d5 3. e5 c5 4. c3 Ne7 5. Nf3 Nec6 6. h4 b6 7. Bg5 Qd7 8. Bb5 Ba6
9. a4 h6 10. Be3 Be7 11. Nbd2 cxd4 12. cxd4 Bxb5 13. axb5 Nb4 14. Qa4 a5 15. O-O
O-O 16. Rfc1 Rc8 17. Rc3 Ra7 18. Nf1 Rac7 19. Bd2 Qd8 20. h5 Nd7 21. Ne3 Nf8 22.
Ng4 Nh7 23. Rac1 Bf8 24. g3 Qd7 25. Kg2 Nd3 26. Rxc7 Rxc7 27. Rxc7 Qxc7 28. Qb3
Nb4 29. Ne3 Be7 30. Bxb4 Bxb4 31. Qd3 Qc1 32. b3 Qc3 33. Qxc3 Bxc3 34. Kf1 Nf8
35. Ke2 Bb4 36. Nc2 Be7 37. Nd2 g6 38. g4 Kg7 39. f4 gxh5 40. gxh5 f6 41. Nf3 f5
42. Nfe1 Bd8 43. Nd3 Nd7 44. Ne3 Be7 45. Nc2 Kf7 46. Kf3 Bd8 47. Nc1 Be7 48. Na2
Bf8 49. Nc3 Be7 50. Na4 Bd8 51. Ne1 Be7 52. Ng2 Bd8 53. Ne3 Be7 54. Nc2 Bf8 55.
Ke3 Be7 56. Kd3 Ke8 57. Kc3 Kd8 58. b4 axb4+ 59. Nxb4 Bxb4+ 60. Kxb4 Kc7 61. Nc3
Kd8 62. Ne2 Nf8 63. Nc1 Kd7 64. Kc3 Kc7 65. Nd3 Kd7 66. Nb4 Kc7 67. Nc6 Kd7 68.
Kd3 Nh7 69. Ke3 Nf8 70. Kf3 Nh7 71. Kg3 Nf8 72. Kf3 Nh7 73. Ke3 1/2-1/2

[Event "Euro Online Blitz TOP16"]
[Site "Tornelo INT"]
[Date "2020.12.19"]
[Round "1.2"]
[White "Demidov, Mikhail"]
[Black "Shirov, Alexei"]
[Result "1/2-1/2"]
[WhiteTitle "GM"]
[BlackTitle "GM"]
[WhiteElo "2523"]
[BlackElo "2662"]
[WhiteFideId "4197143"]
[BlackFideId "2209390"]
[EventDate "2020.12.19"]

1. d4 d5 2. c4 c6 3. Nf3 Nf6 4. cxd5 cxd5 5. Nc3 Nc6 6. Bf4 a6 7. e3 Bg4 8. Qb3
Bxf3 9. gxf3 Na5 10. Qa4+ Nc6 11. Qb3 Na5 12. Qa4+ Nc6 13. Qb3 1/2-1/2

[Event "Euro Online Blitz TOP16"]
[Site "Tornelo INT"]
[Date "2020.12.19"]
[Round "1.4"]
[White "Demidov, Mikhail"]
[Black "Shirov, Alexei"]
[Result "1-0"]
[WhiteTitle "GM"]
[BlackTitle "GM"]
[WhiteElo "2523"]
[BlackElo "2662"]
[WhiteFideId "4197143"]
[BlackFideId "2209390"]
[EventDate "2020.12.19"]

1. Nf3 d5 2. g3 Nf6 3. Bg2 g6 4. b3 Bg7 5. Bb2 c5 6. c4 d4 7. b4 O-O 8. bxc5 Nc6
9. O-O e5 10. d3 Nd7 11. Ba3 e4 12. Ne1 e3 13. Nc2 exf2+ 14. Rxf2 Nde5 15. Nd2
Ng4 16. Rf1 Bh6 17. Bb2 Be3+ 18. Kh1 Qg5 19. Ne4 Qh6 20. Nf6+ Nxf6 21. Rxf6 Bg5
22. Rf1 Bg4 23. Nxd4 Rae8 24. Nf3 Be3 25. Qb3 Bxc5 26. Qxb7 Nb4 27. Ne5 Rb8 28.
Nxg4 1-0

[Event "Euro Online Blitz TOP16"]
[Site "Tornelo INT"]
[Date "2020.12.19"]
[Round "1.1"]
[White "Indjic, Aleksandar"]
[Black "Ozen, Deniz"]
[Result "1-0"]
[WhiteTitle "GM"]
[BlackTitle "IM"]
[WhiteElo "2604"]
[BlackElo "2397"]
[WhiteFideId "911925"]
[BlackFideId "6349196"]
[EventDate "2020.12.19"]

1. Nf3 d5 2. d3 Nf6 3. c4 dxc4 4. Qa4+ Nc6 5. Qxc4 e5 6. Nbd2 Be7 7. g3 O-O 8.
Bg2 Be6 9. Qc2 h6 10. O-O Qd7 11. a3 Bh3 12. b4 Bxg2 13. Kxg2 a6 14. Bb2 Bd6 15.
Rac1 Rfe8 16. e4 Rad8 17. Rfd1 Nh5 18. h3 Nf6 19. Nc4 Qe6 20. Ne3 Ne7 21. Qc4
Qxc4 22. Nxc4 Nc6 23. Kf1 Rd7 24. Ke2 Rde7 25. Rc2 g6 26. Rdc1 Nd7 27. Ne3 Nb6
28. Ng4 Kg7 29. Rxc6 bxc6 30. Nfxe5 Bxe5 31. Nxe5 Kh7 32. Ng4 Re6 33. Nf6+ Rxf6
34. Bxf6 Re6 35. Bd4 Nd7 36. f4 f5 37. Ke3 Kg8 38. g4 Kf7 39. Rg1 fxe4 40. dxe4
Re8 41. f5 g5 42. Rc1 Nb8 43. e5 Ke7 44. e6 Rd8 45. Rd1 Rd5 46. Bc5+ Kf6 47.
Rxd5 cxd5 48. Kd4 Nc6+ 49. Kxd5 Nd8 50. Bd4+ Ke7 51. f6+ Ke8 52. Bc5 1-0

[Event "Euro Online Blitz TOP16"]
[Site "Tornelo INT"]
[Date "2020.12.19"]
[Round "1.2"]
[White "Ozen, Deniz"]
[Black "Indjic, Aleksandar"]
[Result "0-1"]
[WhiteTitle "IM"]
[BlackTitle "GM"]
[WhiteElo "2397"]
[BlackElo "2604"]
[WhiteFideId "6349196"]
[BlackFideId "911925"]
[EventDate "2020.12.19"]

1. e4 g6 2. d4 Bg7 3. Nc3 d6 4. Nf3 Nf6 5. Be2 a6 6. Bf4 O-O 7. O-O Nc6 8. h3 b5
9. e5 Nd7 10. exd6 cxd6 11. a4 b4 12. Nd5 Bb7 13. Ne3 Rc8 14. Re1 e5 15. dxe5
dxe5 16. Bg5 f6 17. Bc4+ Kh8 18. Be6 Rc7 19. Nd5 Nc5 20. Nxc7 Qxc7 21. Bd5 fxg5
22. Nxg5 h6 23. Ne4 Nxe4 24. Bxe4 g5 25. c3 bxc3 26. bxc3 Ne7 27. Bxb7 Qxb7 28.
c4 Qc6 29. Rc1 Qc5 30. Qe2 Nc6 31. Qe3 Nd4 32. Kh1 Qc6 33. c5 Rf4 34. f3 h5 35.
Qf2 g4 36. hxg4 hxg4 37. Qh4+ Kg8 38. Rb1 gxf3 39. Rb8+ Rf8 40. Rxf8+ Bxf8 41.
Qg3+ Bg7 42. gxf3 Nxf3 43. Rb1 Nd2+ 44. Qg2 Qh6+ 45. Qh2 Qc6+ 46. Qg2 Nf3 47.
Rb8+ Kf7 48. Rb6 Qe4 49. Qf2 Bf6 50. c6 Nh4+ 51. Kg1 Nf3+ 52. Kh1 Nd4+ 53. Kg1
Nxc6 54. Rb7+ Kg6 55. Qg2+ Qxg2+ 56. Kxg2 a5 57. Rb6 Nb4 58. Rb5 e4 59. Rxa5 Nd3
60. Ra8 Bd4 61. Re8 Kf5 62. a5 Nf4+ 63. Kf1 e3 64. a6 Kg4 65. Re4 Bb6 66. Ke1
Kf3 67. Rxe3+ Kxe3 68. Kd1 Kd3 69. Ke1 Ba7 70. Kf1 Ke4 71. Ke1 Nd5 72. Kf1 Kf3
73. Ke1 Nb4 74. Kf1 Nxa6 75. Ke1 Be3 76. Kf1 Nb4 77. Ke1 Nd5 78. Kf1 Nf4 79. Ke1
Ne6 80. Kf1 Nd4 81. Ke1 Nf5 82. Kf1 Ng3+ 83. Ke1 Ke4 84. Kd1 Kd3 85. Ke1 Bd4 86.
Kd1 Bc3 87. Kc1 Ne4 88. Kd1 Nf2+ 89. Kc1 Kd4 90. Kc2 Kc4 91. Kc1 Kb3 92. Kb1 Bd2
93. Ka1 Bc1 94. Kb1 Ba3 95. Ka1 Ne4 96. Kb1 Nd2+ 97. Ka1 Bb2# 0-1

[Event "Euro Online Blitz TOP16"]
[Site "Tornelo INT"]
[Date "2020.12.19"]
[Round "1.3"]
[White "Indjic, Aleksandar"]
[Black "Ozen, Deniz"]
[Result "1-0"]
[WhiteTitle "GM"]
[BlackTitle "IM"]
[WhiteElo "2604"]
[BlackElo "2397"]
[WhiteFideId "911925"]
[BlackFideId "6349196"]
[EventDate "2020.12.19"]

1. Nf3 d5 2. d3 Nf6 3. c4 c6 4. Qa4 Nbd7 5. cxd5 cxd5 6. g3 g6 7. Bg2 Bg7 8. O-O
O-O 9. Nc3 e5 10. Bg5 d4 11. Ne4 h6 12. Nxf6+ Nxf6 13. Bxf6 Bxf6 14. Nd2 Be6 15.
h4 Qb6 16. Rab1 Be7 17. Nc4 Qc7 18. Rfc1 Rfc8 19. a3 a6 20. Qa5 Bxc4 21. Qxc7
Rxc7 22. Rxc4 Rxc4 23. dxc4 Rb8 24. b4 b6 25. Bd5 Bd6 26. Kg2 Kf8 27. h5 g5 28.
g4 Ke7 29. Kf3 Kf6 30. Ke4 Bc7 31. e3 dxe3 32. fxe3 Ke7 33. Rf1 f6 34. Rc1 Bd6
35. Kf5 Rc8 36. Rb1 Rc7 37. a4 Rc8 38. Kg6 Rd8 39. Kxh6 f5 40. Kxg5 fxg4 41.
Kxg4 e4 42. h6 Rh8 43. Kh5 Kf6 44. Rf1+ Ke5 45. Kg6 Bxb4 46. h7 Bc3 47. Rc1 Bb2
48. Rb1 Bc3 49. Rxb6 Re8 50. h8=Q+ Rxh8 51. Re6# 1-0

[Event "Euro Online Blitz TOP16"]
[Site "Tornelo INT"]
[Date "2020.12.19"]
[Round "1.1"]
[White "Bluebaum, Matthias"]
[Black "Onischuk, Vladimir"]
[Result "1/2-1/2"]
[WhiteTitle "GM"]
[BlackTitle "GM"]
[WhiteElo "2670"]
[BlackElo "2622"]
[WhiteFideId "24651516"]
[BlackFideId "14114038"]
[EventDate "2020.12.19"]

1. d4 d6 2. Nf3 g6 3. c4 Bg7 4. Nc3 Nf6 5. e4 O-O 6. h3 Nfd7 7. Be2 e5 8. Be3
Nc6 9. d5 Ne7 10. Nd2 f5 11. f3 f4 12. Bf2 c5 13. dxc6 Nxc6 14. Nb3 Nf6 15. c5
Be6 16. cxd6 b6 17. Rc1 Qd7 18. Nb5 Ne8 19. Bc4 Bxc4 20. Rxc4 Nd4 21. N5xd4 exd4
22. Bxd4 Qxd6 23. Bxg7 Qxd1+ 24. Kxd1 Nxg7 25. Ke2 Ne6 26. Nd4 Rac8 27. Nxe6
Rxc4 28. Nxf8 Kxf8 29. Rd1 Ke7 30. Kd3 Rc5 31. Rd2 Rc6 32. Rc2 Rd6+ 33. Ke2 Rd7
34. Rc6 Kf7 35. h4 Ke7 36. e5 Rd5 37. Rc7+ Ke6 38. Rxh7 Rxe5+ 39. Kd3 Rd5+ 40.
Kc3 a5 41. Rb7 b5 42. a3 Kf6 43. Ra7 a4 44. Rb7 Kf5 45. Rf7+ Ke5 46. Re7+ Kf6
47. Re4 Kf5 48. Re2 Rc5+ 49. Kb4 Rd5 50. Rc2 Kf6 51. Rc6+ Kf7 52. Rc2 Kf6 53.
Rc6+ Kf7 54. Rc5 Rd2 55. Kxb5 Rxb2+ 56. Kxa4 Rxg2 57. Rc4 Ke6 58. Rxf4 Rf2 59.
Kb5 Ke5 60. Rf8 Rh2 61. a4 Rxh4 62. a5 Rh1 63. a6 Rb1+ 64. Kc6 Ra1 65. Kb7 Rb1+
66. Ka8 g5 67. a7 Rb3 68. Rf7 Ke6 69. Rb7 Rxf3 70. Rb6+ Ke5 71. Kb7 Rf7+ 72. Ka6
Rxa7+ 73. Kxa7 g4 74. Rg6 Kf4 75. Kb6 g3 76. Kc5 Kf3 77. Rf6+ Ke2 78. Re6+ Kf2
79. Rf6+ Ke2 80. Rg6 Kf2 81. Kd4 g2 82. Rf6+ Ke2 83. Re6+ Kf2 84. Rf6+ Ke2 85.
Rg6 Kf2 86. Kd3 g1=Q 87. Rxg1 Kxg1 1/2-1/2

[Event "Euro Online Blitz TOP16"]
[Site "Tornelo INT"]
[Date "2020.12.19"]
[Round "1.2"]
[White "Onischuk, Vladimir"]
[Black "Bluebaum, Matthias"]
[Result "0-1"]
[WhiteTitle "GM"]
[BlackTitle "GM"]
[WhiteElo "2622"]
[BlackElo "2670"]
[WhiteFideId "14114038"]
[BlackFideId "24651516"]
[EventDate "2020.12.19"]

1. g3 d5 2. Bg2 Nf6 3. d3 c5 4. Nf3 Nc6 5. O-O g6 6. Nc3 Bg7 7. e4 O-O 8. h3 e6
9. Re1 a6 10. e5 Nd7 11. Bf4 b5 12. Qd2 Nd4 13. Nxd4 cxd4 14. Nb1 Qc7 15. c3
dxc3 16. Nxc3 Bb7 17. Rac1 Qb6 18. d4 Rac8 19. b3 a5 20. Bf1 Ba6 21. Qd3 Nb8 22.
Qe3 Nc6 23. Red1 Rc7 24. a4 bxa4 25. Nxa4 Qa7 26. Bxa6 Qxa6 27. Rc3 Rfc8 28.
Rdc1 Qa7 29. Bg5 Nb4 30. Rxc7 Rxc7 31. Kg2 Bf8 32. Rxc7 Qxc7 33. Qd2 Qc2 34. Be3
Qxb3 35. Nc5 Qc2 36. Qe1 Nc6 37. Qa1 Bxc5 38. dxc5 d4 39. Bh6 Qxc5 40. Qb1 Nb4
41. Qb3 Qd5+ 42. Qxd5 Nxd5 43. Kf3 a4 44. Bc1 Nc3 45. Bb2 Kf8 46. Kg2 Ke8 47.
Kf1 Kd7 48. Ke1 Kc6 49. Kd2 Kd5 0-1

[Event "Euro Online Blitz TOP16"]
[Site "Tornelo INT"]
[Date "2020.12.19"]
[Round "1.3"]
[White "Bluebaum, Matthias"]
[Black "Onischuk, Vladimir"]
[Result "1-0"]
[WhiteTitle "GM"]
[BlackTitle "GM"]
[WhiteElo "2670"]
[BlackElo "2622"]
[WhiteFideId "24651516"]
[BlackFideId "14114038"]
[EventDate "2020.12.19"]

1. d4 d6 2. Nf3 g6 3. c4 Bg7 4. Nc3 Nc6 5. d5 Ne5 6. Nxe5 Bxe5 7. e4 Nf6 8. Bd3
O-O 9. O-O c6 10. h3 Re8 11. f4 Bd4+ 12. Kh2 cxd5 13. exd5 e5 14. Be2 a6 15.
fxe5 Bxe5+ 16. Bf4 Qe7 17. Qd2 Bf5 18. Rae1 Ne4 19. Nxe4 Bxe4 20. Bg4 Bxf4+ 21.
Qxf4 f5 22. Bf3 Qe5 23. Bxe4 fxe4 24. Qxe5 Rxe5 25. Rf6 Rd8 26. Re6 Re8 27. Rxd6
e3 28. Re2 Re4 29. b3 Rd4 30. Kg3 Rd2 31. Kf3 Rd3 32. Re6 Rf8+ 33. Ke4 Rd1 34.
Kxe3 b5 35. Rxa6 bxc4 36. bxc4 Rc1 37. Kd3 Rf4 38. Rc6 Kg7 39. a4 Rff1 40. Kd4
Rfd1+ 41. Kc5 Ra1 42. Ra6 Rac1 43. Re7+ Kh6 44. Raa7 Rc3 45. Rxh7+ Kg5 46. Rhe7
Kf4 47. Rac7 Rdc1 48. Kd6 Ra3 49. c5 Rxa4 50. c6 Ra5 51. Rf7+ Ke4 52. Rce7+ Kd3
53. Rf3+ Kd4 54. Rf4+ Kd3 55. Rb7 Rcc5 56. c7 Rxd5+ 57. Ke6 Re5+ 58. Kf6 Rec5
59. Kxg6 Ra6+ 60. Rf6 Ra2 61. g4 Rac2 62. Rd6+ Ke4 63. Rd8 Rc6+ 64. Kh5 R2c5+
65. g5 Kf4 66. h4 Kf5 67. Rf8+ Ke6 68. c8=Q+ Rxc8 69. Rxc8 Rxc8 70. Kg6 Rg8+ 71.
Rg7 Rh8 72. h5 Rf8 73. h6 1-0

[Event "Euro Online Blitz TOP16"]
[Site "Tornelo INT"]
[Date "2020.12.19"]
[Round "1.1"]
[White "Pantsulaia, Levan"]
[Black "Yilmaz, Mustafa"]
[Result "1-0"]
[WhiteTitle "GM"]
[BlackTitle "GM"]
[WhiteElo "2553"]
[BlackElo "2630"]
[WhiteFideId "13602071"]
[BlackFideId "6302718"]
[EventDate "2020.12.19"]

1. g3 d5 2. Bg2 e5 3. c4 d4 4. d3 c5 5. Nf3 Nc6 6. O-O Nf6 7. e3 Be7 8. exd4
exd4 9. Re1 O-O 10. Na3 Bf5 11. Ne5 Nxe5 12. Rxe5 Bg4 13. Qa4 Bd6 14. Re1 Bd7
15. Qb3 Rb8 16. Nb5 Bxb5 17. Qxb5 h6 18. Bd2 a6 19. Qa4 Qc8 20. Rac1 Qf5 21. Qb3
b5 22. cxb5 axb5 23. Qc2 Ng4 24. Ba5 Ne5 25. Be4 Nf3+ 26. Bxf3 Qxf3 27. Qe2 Qxe2
28. Rxe2 Ra8 29. Bb6 Rfc8 30. b4 cxb4 31. Rxc8+ Rxc8 32. Bxd4 Kf8 33. Kg2 Ra8
34. Kf3 Ra3 35. Ke4 b3 36. axb3 Rxb3 37. Rc2 f6 38. Rc6 Be7 39. Rb6 Kf7 40. Rb7
Ke6 41. Rb6+ Kf7 42. f4 g6 43. g4 Ra3 44. Rb7 Ra4 45. Kd5 Ra8 46. Bc5 Rd8+ 47.
Ke4 Re8 48. f5 Kf8 49. Rxe7 Rxe7+ 50. Bxe7+ Kxe7 51. fxg6 b4 52. Kd4 Kf8 53. Kc4
h5 54. gxh5 f5 55. Kxb4 f4 56. Kc3 f3 57. Kd2 f2 58. Ke2 1-0

[Event "Euro Online Blitz TOP16"]
[Site "Tornelo INT"]
[Date "2020.12.19"]
[Round "1.2"]
[White "Yilmaz, Mustafa"]
[Black "Pantsulaia, Levan"]
[Result "1-0"]
[WhiteTitle "GM"]
[BlackTitle "GM"]
[WhiteElo "2630"]
[BlackElo "2553"]
[WhiteFideId "6302718"]
[BlackFideId "13602071"]
[EventDate "2020.12.19"]

1. d4 Nf6 2. c4 g6 3. Nc3 Bg7 4. e4 O-O 5. Nf3 c6 6. Be2 d5 7. e5 Ne8 8. cxd5
cxd5 9. h4 h5 10. Qb3 Nc7 11. Be3 Nc6 12. Ng5 Na5 13. Qa4 b6 14. Rc1 Bd7 15. Qd1
Nc4 16. Bf3 Nxb2 17. Qe2 Nc4 18. Nxd5 Nxd5 19. Bxd5 Nxe3 20. fxe3 Rc8 21. O-O
Rxc1 22. Rxc1 e6 23. Bf3 Qb8 24. Bxh5 Rc8 25. Rf1 Be8 26. Bg4 Rc3 27. h5 Bh6 28.
Ne4 Rxe3 29. Nf6+ Kg7 30. Qf2 Bb5 31. hxg6 fxg6 32. Nh5+ gxh5 33. Qf7+ Kh8 34.
Rf6 Qf8 35. Qxh5 Qg7 36. Rxh6+ Kg8 37. Rg6 1-0

[Event "Euro Online Blitz TOP16"]
[Site "Tornelo INT"]
[Date "2020.12.19"]
[Round "1.3"]
[White "Pantsulaia, Levan"]
[Black "Yilmaz, Mustafa"]
[Result "1-0"]
[WhiteTitle "GM"]
[BlackTitle "GM"]
[WhiteElo "2553"]
[BlackElo "2630"]
[WhiteFideId "13602071"]
[BlackFideId "6302718"]
[EventDate "2020.12.19"]

1. g3 g6 2. Bg2 Bg7 3. Nf3 d5 4. O-O e5 5. d3 Nc6 6. e4 Nge7 7. c3 a5 8. a4 O-O
9. Na3 h6 10. Qc2 Be6 11. Nb5 Qd7 12. b3 Rfd8 13. Ba3 Rac8 14. Rfe1 Kh7 15. Rad1
d4 16. cxd4 exd4 17. Rc1 Nb4 18. Bxb4 axb4 19. Nxc7 b6 20. h4 Qd6 21. e5 Qd7 22.
Nd2 Nd5 23. Bxd5 Bxd5 24. Ne4 Qf5 25. Qe2 Bxe4 26. dxe4 Qxe5 27. f4 d3 28. fxe5
dxe2 29. Rxe2 Bxe5 30. Rec2 Bxg3 31. Nd5 Rxc2 32. Rxc2 Be5 33. Kg2 Bd4 34. Rc7
Kg8 35. Rb7 Re8 36. Kf3 Rc8 37. Ne7+ 1-0

[Event "Euro Online Blitz TOP16"]
[Site "Tornelo INT"]
[Date "2020.12.19"]
[Round "1.4"]
[White "Yilmaz, Mustafa"]
[Black "Pantsulaia, Levan"]
[Result "1-0"]
[WhiteTitle "GM"]
[BlackTitle "GM"]
[WhiteElo "2630"]
[BlackElo "2553"]
[WhiteFideId "6302718"]
[BlackFideId "13602071"]
[EventDate "2020.12.19"]

1. d4 Nf6 2. c4 g6 3. Nc3 Bg7 4. e4 O-O 5. Be2 c5 6. d5 d6 7. Nf3 e6 8. O-O exd5
9. exd5 Re8 10. h3 Bf5 11. Bd3 Ne4 12. Nxe4 Bxe4 13. Bxe4 Rxe4 14. Qc2 Re8 15.
Bf4 Qb6 16. Qa4 Na6 17. Rae1 Rf8 18. Re3 h6 19. h4 Rad8 20. Rfe1 Qb4 21. Qc2 b5
22. b3 bxc4 23. bxc4 Nc7 24. Rb1 Qa5 25. Rb7 Na8 26. Ree7 Nb6 27. Qxg6 Rd7 28.
Rexd7 Nxd7 29. Qg3 Nb6 30. Bxd6 1-0

[Event "Euro Online Blitz TOP16"]
[Site "Tornelo INT"]
[Date "2020.12.19"]
[Round "1.5"]
[White "Yilmaz, Mustafa"]
[Black "Pantsulaia, Levan"]
[Result "0-1"]
[WhiteTitle "GM"]
[BlackTitle "GM"]
[WhiteElo "2630"]
[BlackElo "2553"]
[WhiteFideId "6302718"]
[BlackFideId "13602071"]
[EventDate "2020.12.19"]

1. d4 Nf6 2. c4 g6 3. Nc3 Bg7 4. e4 O-O 5. Be2 c6 6. Nf3 d5 7. e5 Ne4 8. Be3
Nxc3 9. bxc3 dxc4 10. Bxc4 c5 11. h3 cxd4 12. cxd4 Nc6 13. O-O Bf5 14. a3 Be4
15. Ng5 Bd5 16. Rc1 Bxc4 17. Rxc4 h6 18. Ne4 Qd5 19. Qc2 Rac8 20. Rc5 Qd7 21.
Rc1 Rcd8 22. Rd1 Nxe5 23. Rc7 Qd5 24. Nc3 Nf3+ 25. gxf3 Qxf3 26. Qe4 Qxh3 27.
Rxb7 e6 28. Rxa7 Rb8 29. Rb7 Rxb7 30. Qxb7 Qg4+ 31. Qg2 Qf5 32. Qc6 Qg4+ 33. Kf1
e5 34. dxe5 Rc8 35. Qb7 Bxe5 36. Ne2 Rc2 37. Rd8+ Kg7 38. Rd2 Rxd2 39. Bxd2 Qh3+
40. Ke1 Qxa3 41. Qe4 Qa1+ 42. Nc1 Bb2 43. Qc2 h5 44. Ke2 Bf6 45. Nd3 Qa6 46. Qb3
Qc8 47. Qd5 Qg4+ 48. Qf3 Qe6+ 49. Qe3 Qc4 50. Kf3 Qg4# 0-1

[Event "Euro Online Blitz TOP16"]
[Site "Tornelo INT"]
[Date "2020.12.19"]
[Round "1.1"]
[White "Safarli, Eltaj"]
[Black "Navara, David"]
[Result "1-0"]
[WhiteTitle "GM"]
[BlackTitle "GM"]
[WhiteElo "2598"]
[BlackElo "2697"]
[WhiteFideId "13402129"]
[BlackFideId "309095"]
[EventDate "2020.12.19"]

1. e4 e5 2. Nf3 Nc6 3. Bb5 Nf6 4. O-O Nxe4 5. d4 Nd6 6. dxe5 Nxb5 7. a4 Nbd4 8.
Nxd4 d5 9. Nxc6 bxc6 10. Nd2 Be7 11. Nb3 c5 12. Na5 Qd7 13. f4 O-O 14. f5 Re8
15. f6 Bf8 16. fxg7 Bxg7 17. Ra3 Ba6 18. c4 Rxe5 19. Rg3 Kh8 20. b4 Rae8 21. b5
Bc8 22. Nc6 Rf5 23. Rxf5 Qxf5 24. cxd5 Bd7 25. Rf3 Qe4 26. Re3 Qc4 27. Rxe8+
Bxe8 28. Qe1 Bd7 29. Be3 Qxa4 30. Bf2 Qxb5 31. Qe7 Qb1+ 32. Be1 Bd4+ 33. Nxd4
Kg7 34. Qg5+ Kf8 35. Qd8+ Be8 36. Nf3 Qe4 37. Qxc7 Qe3+ 38. Bf2 Qc1+ 39. Ne1 c4
40. d6 Qd2 41. Qe7+ 1-0

[Event "Euro Online Blitz TOP16"]
[Site "Tornelo INT"]
[Date "2020.12.19"]
[Round "1.2"]
[White "Navara, David"]
[Black "Safarli, Eltaj"]
[Result "1-0"]
[WhiteTitle "GM"]
[BlackTitle "GM"]
[WhiteElo "2697"]
[BlackElo "2598"]
[WhiteFideId "309095"]
[BlackFideId "13402129"]
[EventDate "2020.12.19"]

1. c4 Nf6 2. Nf3 c5 3. Nc3 e6 4. g3 d5 5. cxd5 Nxd5 6. Bg2 Nc6 7. O-O Be7 8. d4
O-O 9. e4 Nb6 10. d5 exd5 11. exd5 Nb4 12. Ne1 Nc4 13. a3 Na6 14. Nd3 Nd6 15.
Re1 Bf5 16. Bf4 Bf6 17. Ne5 c4 18. g4 Bg6 19. Nxg6 hxg6 20. Bxd6 Qxd6 21. Ne4
Qf4 22. Nxf6+ Qxf6 23. Qa4 Rac8 24. Rac1 Qxb2 25. d6 Qd4 26. d7 Rcd8 27. Red1
Qxg4 28. Qxc4 Qxc4 29. Rxc4 b6 30. Ra4 Nc5 31. Rxa7 f5 32. Bd5+ Kh7 33. Bc6 g5
34. Rd6 g6 35. Bb5 Kg7 36. Rxb6 Rf7 37. Rc7 Nxd7 38. Rbb7 Ne5 39. Rxf7+ Nxf7 40.
Bc4 1-0